000 00322nam a2200133Ia 4500
005 20260328104318.0
008 260328s9999||||xx |||||||||||||| ||und||
100 _aWagner, Philip
245 4 _aThe Human Use of the Earth /
_cPhilip Wagner
260 _bFree Press
300 _a270 p.
650 _aHISTORIA
942 _cBK
999 _c11235
_d11235